| Tag |
First Indicator |
Second Indicator |
Subfields |
| LEADER |
00000cam a2200000 a 4500 |
| 001 |
in00000087056 |
| 005 |
20151008064716.0 |
| 008 |
820709s1914 enkc 00010 eng d |
| 035 |
|
|
|a (OCoLC)08585643
|
| 035 |
|
|
|9 AAK4661AM
|
| 040 |
|
|
|a TXA
|c TXA
|d UtOrBLW
|
| 049 |
|
|
|a TXAM
|c [1481912]
|
| 090 |
|
|
|a B3227.E74
|b J6
|
| 100 |
1 |
|
|a Jones, W. Tudor
|q (William Tudor),
|d 1865-1946.
|
| 245 |
1 |
4 |
|a The philosophy of Rudolf Eucken /
|c by W. Tudor Jones.
|
| 264 |
|
1 |
|a New York :
|b Dodge Pub. Co.,
|c 1914.
|
| 300 |
|
|
|a vii, 76 pages :
|b portrait ;
|c 18 cm.
|
| 336 |
|
|
|a text
|b txt
|2 rdacontent
|
| 337 |
|
|
|a unmediated
|b n
|2 rdamedia
|
| 338 |
|
|
|a volume
|b nc
|2 rdacarrier
|
| 490 |
1 |
|
|a Philosophies ancient and modern
|
| 600 |
1 |
0 |
|a Eucken, Rudolf,
|d 1846-1926.
|
| 830 |
|
0 |
|a Philosophies ancient and modern.
|
| 999 |
|
|
|a MARS
|
| 999 |
f |
f |
|s 42031e5d-905e-310e-94a7-b49b94474f2f
|i dbb71bc7-44ce-3122-bcca-3f2af2b8a2db
|t 0
|
| 952 |
f |
f |
|p ric
|a Texas A&M University
|b Rellis Campus
|c Joint Library Facility
|d Remote Storage
|t 0
|e B3227.E74 J6
|h Library of Congress classification
|i unmediated -- volume
|m A14806083752
|
| 998 |
f |
f |
|a B3227.E74 J6
|t 0
|l Remote Storage
|